000 01008nam a22002297a 4500
003 OSt
005 20250911174929.0
008 240208b ||||| |||| 00| 0 eng d
040 _c0
082 _aDPer 621.381 In821 April 2022 v. 37 n. 4
100 _aZhong, Yuxiang.
_eauthor.
_951881
245 _aOnline-parameter-estimation-based control strategy combining MTPA and flux-weakening for variable flux memory machines /
_cYuxiang Zhong, Heyun Lin, Zhiyong Chen, Shukang Lyu, and Hui Yang.
260 _aNew York ;
_bThe Institute of Electrical and Electronics Engineers, Inc. ,
_cApril 2022.
300 _aVolume 37, pages 4080-4090 :
_billustration ;
_c28 cm.
500 _aIEEE Transaction on Power Electronics, vol. 37, no. 4, pages 4080-4090, April 2022.
700 _aZhong, Yuxiang.
_eauthor.
_951881
700 _aLin, Heyun.
_eauthor.
_951882
700 _aChen, Zhiyong.
_eauthor.
_951883
700 _aLyu, Shukang.
_eauthor.
_951884
700 _aYang, Hui.
_eauthor.
_951885
942 _2ddc
_cPER
999 _c19006
_d19006